| 000 | 00998nam a22003010a 4500 | ||
|---|---|---|---|
| 001 | PT17405 | ||
| 003 | AR-LpoUNG | ||
| 005 | 20210131232740.0 | ||
| 008 | 191001s2002||||ag |||||||||||||||||spa d | ||
| 020 |
_a9500301121 _c$2.83 |
||
| 040 |
_aAR-LpoUNG _bspa _cAR-LpoUNG _eaacr |
||
| 041 | _aspa | ||
| 044 | _aag | ||
| 082 | 0 | _aA863 246fac | |
| 100 | 1 | _aSarmiento, Domingo Faustino | |
| 245 | 1 | 0 | _aFacundo |
| 250 | _a12va. ed. | ||
| 260 |
_aBuenos Aires : _bLosada, _c2002. |
||
| 300 |
_a304 p. : _bgráfs., il. |
||
| 520 | _a<p>Obra fundacional de la literatura argentina, texto clave para el desciframiento de la identidad nacional y polémico documento politico. Relata la vida del caudillo Juan Facundo Quiroga, aspectos físicos, costumbres y habitos de la República Argentina.</p> | ||
| 650 | 4 | _aARGENTINA | |
| 650 | 4 | _aLITERATURA | |
| 651 | 4 | _aArgentina | |
| 700 | 1 | _aCarricaburo, Norma, not. | |
| 700 | 1 | _aMartínez Cuitiño, Luis, not. | |
| 905 | _a17405 | ||
| 942 | _cLIB | ||
| 999 |
_c17287 _d17287 |
||